| 000 | 01339nam a2200337 a 4500 | ||
|---|---|---|---|
| 001 | ebr10657553 | ||
| 003 | CaPaEBR | ||
| 006 | m u | ||
| 007 | cr cn||||||||| | ||
| 008 | 121221s2013 enka sb 001 0 eng d | ||
| 010 | _z 2012038306 | ||
| 020 | _z9780470973233 (cloth) | ||
| 020 | _z9781118517420 (e-book) | ||
| 040 |
_aCaPaEBR _cCaPaEBR |
||
| 035 | _a(OCoLC)825404158 | ||
| 050 | 1 | 4 |
_aQD382.O43 _bM48 2013eb |
| 082 | 0 | 4 |
_a547/.7 _223 |
| 245 | 0 | 0 |
_aMetallofoldamers _h[electronic resource] : _bsupramolecular architectures from helicates to biomimetics / _cedited by Galia Maayan and Markus Albrecht. |
| 260 |
_aChichester, West Sussex, U.K. : _bJohn Wiley & Sons, Inc., _c2013. |
||
| 300 |
_axvi, 445 p. : _bill. |
||
| 504 | _aIncludes bibliographical references and index. | ||
| 533 |
_aElectronic reproduction. _bPalo Alto, Calif. : _cebrary, _d2013. _nAvailable via World Wide Web. _nAccess may be limited to ebrary affiliated libraries. |
||
| 650 | 0 | _aMetallofoldamers. | |
| 650 | 0 | _aOligomers. | |
| 650 | 0 | _aSupramolecular chemistry. | |
| 655 | 7 |
_aElectronic books. _2local |
|
| 700 | 1 | _aMaayan, Galia G. | |
| 700 | 1 |
_aAlbrecht, M. _q(Markus) |
|
| 710 | 2 | _aebrary, Inc. | |
| 856 | 4 | 0 |
_uhttp://site.ebrary.com/lib/rucke/Doc?id=10657553 _zAn electronic book accessible through the World Wide Web; click to view |
| 999 |
_c76953 _d76953 |
||